ENSAYOS SOBRE EL PROCESO HISTORICO LATINOAMERICANO/

I tiakina i:
Ngā taipitopito rārangi puna kōrero
Kaituhi matua: Kovek (autor)
Hōputu: Pukapuka
Rangatū:PENSAMIENTO LATINOAMERICANO
Ngā marau:
Ngā Tūtohu: Tāpirihia he Tūtohu
Kāore He Tūtohu, Me noho koe te mea tuatahi ki te tūtohu i tēnei pūkete!

MARC

LEADER 00000nam^a2200000^a^4500
001 000224422
005 20250521000000.0
009 20260310104048.431
020 |a 968-427-030-5 
035 |a 043130 
037 |a Acervo Xavier Clavigero 
082 |a 980.  |b GAR 
100 |a Kovek  |e (autor) 
245 1 0 |a ENSAYOS SOBRE EL PROCESO HISTORICO LATINOAMERICANO/  |c ANTONIO GARCIA 
264 |a MEXICO :  |b NUESTRO TIEMPO,  |c 1979 
300 |a 405p. 
336 |a texto  |b txt  |2 rdacontenido 
337 |a sin mediación  |b n  |2 rdamedio 
338 |a volumen  |b nc  |2 rdasoporte 
440 |a PENSAMIENTO LATINOAMERICANO 
649 |a XX 
650 |a Iberoamérica -  |x Historia 
910 |a Fondo General 
920 |a Impresos - Libros 
930 |a Colección General 
905 |a 101 
901 |a 043130  |b IT1  |c ACC  |i 043130  |u 20250521 
902 |a https://opac.biblio.iteso.mx/vufind/Record/000224422